000 01090nas a2200337 4500
001 BR2014000856
003 BR-BrBNA
005 20231205123701.0
007 ta
008 230509b bl.|||p| |||| 00| 00por d
040 _aBR-BrBNA
_bpor
_cBiblioteca Nacional de Agricultura
041 _a(Pt)
072 _aF04
100 1 _aSilva, T.O. da
100 1 _aMenezes, R.S.C.
100 1 _aTiessen, H.
100 1 _aSampaio, E.V. de S.B.
100 1 _aSalcedo, I.H.
100 1 _aSilveira, L.M. da
245 1 _aAdubação orgânica da batata com esterco e, ou, Crotalaria juncea. I - Produtividade vegetal e estoque de nutrientes no solo em longo prazo
650 _aBATATA
650 _aADUBO ORGÂNICO
650 _aNITROGÊNIO
650 _aFÓSFORO
650 _aPOTÁSSIO
650 _aFERTILIDADE DO SOLO
773 0 _tRevista Brasileira de Ciência do Solo (Brazil)
_xISSN 0100-0683
_g(Jan-Feb 2007), v. 31(1) p. 39-49
_wBR2014000856
856 4 0 _uhttp://www.scielo.br/pdf/rbcs/v31n1/05.pdf
909 _a202311
_bLúcia
_c55
_dLúcia Elande
942 _2AGRIS
_n0
_cANA
999 _c235155
_d235155